Представление документа в формате RUSMARC

ПолеНазваниеЗначение
  Тип записи a
  Библиографический уровень m
001 Контрольный номер RU/CBS_UL/BASE/1c7c8416be204e73aeb92d99be15821e
005 Дата корректировки 20260423094052.0
101 Язык документа __
a Язык текста rus
102 Страна публикации __
a Страна публикации RU
200 Заглавие и сведения об ответственности 0_
a Заглавие № 15 (15-21 апр.)
210 Выходные данные __
d Дата издания 2026
461 Уровень набора __
1 2001
a Литературная газета
v № 15 (15-21 апр.)
1 210
d 2026
801 Источник записи __
a Страна RU
b Организация МБУК ЦБС г. Ульяновска
g Правила каталогизации RCR
901 Тип документа __
w Контрольный № источника RU/CBS_Ul/BASE/418751206
t Тип документа h
909 Создатель записи __
a Создатель записи mbo